PKO Ekstraklasa bramkarze sezon 2019/2020 - Statystyki

Ogólne statystyki
  • Ten quiz został rozwiązany 366 razy
  • Średni wynik to 10 z 16
Statystyki odpowiedzi
Drużyna Narodowość Bramkarz % Poprawnych
Lechia Gdańsk Słowacja Dusan Kuciak
89%
Arka Gdynia Łotwa Pavels Steinbors
85%
Legia Warszwa Polska Radosław Majecki
81%
ŁKS Łódź Polska Arkadiusz Malarz
80%
Lech Poznań Holandia Mickey van der Hart
78%
Piast Gliwice Słowacja Frantisek Plach
68%
Pogoń Szczecin Chorwacja Dante Stipica
67%
Górnik Zabrze Słowacja Martin Chudy
64%
Śląsk Wrocław Słowacja Matus Putnocky
59%
Wisła Płock Niemcy Thomas Dahne
55%
Wisła Kraków Polska Michał Buchalik
50%
Cracovia Słowacja Michal Peskovic
45%
Raków Częstochowa Polska Jakub Szumski
44%
Korona Kielce Polska Marek Kozioł
39%
Jagiellonia Polska Damian Węglarz
38%
Zagłębie Lubin Polska Konrad Forenc
38%
Nie znaleziono quizów pasujących do podanych kryteriów
Rozkład punktacji
Procent ludzi z każdym wynikiem
Percentyl według liczby udzielonych odpowiedzi
Twoja historia wyników
Nie rozwiązałeś tego quizu